Datum a čas kvízu
42.5
Celkem bodů
Celkový počet nahraných bodů na tomto kvízu bez doplňovacích otázek.
1.
Pořadí na kvízu
Konečné umístění týmu na tomto kvízu.
Zaznamenané odpovědi
| # | Otázka | Odpověď | Body | Výsledky |
|---|---|---|---|---|
| 1. | Komunisté si zvolili o víkendu... | Kateřina Konečná | 1 | |
| 2. | Evropský parlament minulý týde... | Alexej Navalnyj | 1 | |
| 3. | Kanye Omari West je znám jako... | Ye | 0 | |
| 4. | Firma Apple opět vzbudila pozo... | Čisticí hadřík. | 1 | |
| 5. | Útočník Evander Kane ze San Jo... | Zfalšoval očkovací průkaz. | 1 | |
| 6. | Toto téma začneme manželkami k... | 1A 2C 3D 4B | 1 | |
| 7. | Přesuneme se ke Králi popu. Ja... | Neverland | 1 | |
| 8. | Jak se nazývá klub, za který h... | West Ham United FC | 1 | |
| 9. | Mnoho deskových her využívá kr... | Shogi | 0 | |
| 10. | V roce 2021 streamovací platfo... | Král Šamanů (Shaman King) | 0 |